书目信息 |
| 题名: |
网页设计与制作实战手记
|
|
| 作者: | 史艳艳 编著 | |
| 分册: | ||
| 出版信息: | 北京 清华大学出版社 2012 |
|
| 页数: | 12,332页 | |
| 开本: | 26cm | |
| 丛书名: | ||
| 单 册: | ||
| 中图分类: | TP393.092.2 | |
| 科图分类: | ||
| 主题词: | 网页制作工具--基本知识 , 网页制作工具 | |
| 电子资源: | ||
| ISBN: | 978-7-302-28865-7 | |
| 000 | 00874nam0 2200253 450 | |
| 001 | 140270 | |
| 005 | 20141019150747.44 | |
| 010 | @a978-7-302-28865-7@b光盘@dRMB 49.80 | |
| 100 | @a20121012d2012 em y0chiy50 ea | |
| 101 | 0 | @achi |
| 102 | @aCN@b110000 | |
| 105 | @ay z 000yy | |
| 200 | 1 | @a网页设计与制作实战手记@Awang ye she ji yu zhi zuo shi zhan shou ji@b专著@e10.7小时多媒体教学视频@f史艳艳等编著 |
| 210 | @a北京@c清华大学出版社@d2012 | |
| 215 | @a12,332页@d26cm@e1光盘 | |
| 300 | @aWeb开发典藏大系 | |
| 307 | @a附光盘:ISBN 978-7-89444-952-8 | |
| 330 | @a本书讲述了网页制作的核心技术,内容包括:网页制作从零开始、网页制作核心技术、网页制作案例实战。 | |
| 606 | 0 | @a网页制作工具@x基本知识 |
| 606 | 0 | @a网页制作工具 |
| 690 | @aTP393.092.2@v5 | |
| 701 | 0 | @a史艳艳@Ashi yan yan@4编著 |
| 801 | 0 | @aCN@b110017@c20140927 |
| 905 | @a241430@dTP393.092.2@eS590 | |
| 网页设计与制作实战手记:10.7小时多媒体教学视频/史艳艳等编著.-北京:清华大学出版社,2012 |
| 12,332页;26cm+1光盘 |
| Web开发典藏大系 |
| ISBN 978-7-302-28865-7(光盘):RMB 49.80 |
| 本书讲述了网页制作的核心技术,内容包括:网页制作从零开始、网页制作核心技术、网页制作案例实战。 |
| ● |
| 相关链接 |
|
|
|
正题名:网页设计与制作实战手记
索取号:TP393.092.2/S590
 
预约/预借
| 序号 | 登录号 | 条形码 | 馆藏地/架位号 | 状态 | 备注 |
| 1 | 0834192 | 208341926 | 自科库301/301自科库 131排2列5层/ [索取号:TP393.092.2/S590] | 在馆 | |
| 2 | 0834193 | 208341935 | 自科库301/301自科库 131排2列5层/ [索取号:TP393.092.2/S590] | 在馆 | |
| 3 | 0834194 | 208341944 | 自科库301/301自科库 35排3列1层/ [索取号:TP393.092.2/S590] | 在馆 |